000 00335pab a2200133 454500
008 180718b1997 xxu||||| |||| 00| 0 eng d
245 _aREVIEW of industry and management
260 _c1997
300 _ap.M2-44
362 _a22-28 Feb
650 _aIndustrial development
773 _aEconomic and Political Weekly
909 _a33309
999 _c33309
_d33309